000 00524nam a2200181Ia 4500
001 20123
003 GE_BSU
008 181216s||||||||xx |||||||||||||| ||und||
040 _cGE_BSU
245 _aВопросы философии, №12. 2016.
245 _cГл.ред.Пружинин Борис Исаевич и др.
260 _aМосква
260 _c2016
300 _a224стр. 26см.
653 _aВопросы философии. №12. 2016.
653 _aპერიოდიკა
942 _cCR
999 _c53085
_d53085